000 00450nam a2200193Ia 4500
005 20250603145005.0
008 250603s9999 xx 000 0 und d
020 _a9781429216333
050 _aRC 454 .C66/
100 _aComer, Ronald J.
245 0 _aFundamentals of abnormal psychology
250 _a6th ed.
260 _aNew York
260 _bWorth Publishers
260 _c2011
300 _a519 p
650 _aNew York
942 _cBK
999 _c40546
_d40546